| 000 | 00000nam 2200000za 4500 |
| 001 | 9.801750 |
| 003 | CaOODSP |
| 005 | 20221107134846 |
| 007 | cr ||||||||||| |
| 008 | 160727s2016 onc o f000 0 fre d |
| 020 | |a978-0-660-02784-5 |
| 040 | |aCaOODSP|bfre |
| 043 | |an-cn--- |
| 086 | 1 |aIu37-3/2015F-PDF |
| 245 | 00|aProgramme de démonstration de technologies - guide de programme |h[ressource électronique]. |
| 260 | |aOttawa : |bInnovation, sciences et développement économique Canada, |c[2016] |
| 300 | |a10 p. |
| 500 | |aPubl. aussi en anglais sous le titre : Technology Demonstration Program - program guide. |
| 500 | |aTitre de la couv. |
| 500 | |aLa date de publication (2013) imprimé dans cette publication est incorrect. |
| 520 | |a« Le Programme de démonstration de technologies (PDT) a été lancé en 2013. Il fournit des contributions non remboursables à l’appui d’un ou plusieurs projets de recherche et développement (R-D) à grande échelle par année. Les projets soutenus par le programme devraient : assurer une concentration de développement technologique dans les secteurs prioritaires offrant un potentiel important de retombées économiques à large portée et à long terme; constituer le fondement de la prochaine génération des activités de fabrication, des capacités techniques et des services au Canada; et, susciter des retombées économiques tangibles pour le Canada à plus long terme. Le programme est mis en Ĺ“uvre par l’Office des technologies industrielles du ministère de l’Innovation, des Sciences et du Développement économique Canada »--p. 2. |
| 692 | 07|2gccst|aInnovation technologique |
| 692 | 07|2gccst|aSubvention |
| 692 | 07|2gccst|aProgramme fédéral |
| 710 | 1 |aCanada. |bInnovation, sciences et développement économique Canada. |
| 710 | 1 |aCanada.|bOffice des technologies industrielles. |
| 775 | 08|tTechnology Demonstration Program - program guide |w(CaOODSP)9.801749 |
| 856 | 40|qPDF|s245 Ko|uhttps://publications.gc.ca/collections/collection_2016/isde-ised/Iu37-3-2015-fra.pdf |